Geography Quiz

Random Geography or State Quiz

Wind Energy in the United States (Clickable) Quiz Stats

 Plays Quiz not verified by Sporcle

Challenge
Share
Tweet
Embed
Score 0/10 Timer 03:00
0 Plays Today
% Correct
California
90.9%
Colorado
75.3%
Texas
74%
Oregon
58.4%
Illinois
57.8%
Oklahoma
57.8%
Iowa
57.1%
Kansas
53.9%
Washington
50%
Minnesota
44.8%

You're not logged in!

Compare scores with friends on all Sporcle quizzes.
OR
Log In

You Might Also Like...

Show Comments

Extras

Created Apr 11, 2014SourceReportNominate
Tags:State Quiz, energy, wind

Top Quizzes Today


Score Distribution

Your Account Isn't Verified!

In order to create a playlist on Sporcle, you need to verify the email address you used during registration. Go to your Sporcle Settings to finish the process.

Report this User

Report this user for behavior that violates our Community Guidelines.

Details: